Formel 1 Startnummern (2023) - Statistiken

Allgemein
  • Dieses Quiz wurde 302 mal gespielt
  • Das Durchschnittsergebnis liegt bei 15 aus 22
Antwortstatistiken
Startnummer Fahrer % Korrekt
1 Max Verstappen
100%
4 Lando Norris
84%
44 Lewis Hamilton
84%
55 Carlos Sainz
81%
16 Charles Leclerc
79%
77 Valtteri Bottas
79%
11 Sergio Perez
78%
3 Daniel Ricciardo
75%
63 George Russell
74%
10 Pierre Gasly
73%
81 Oscar Piastri
72%
14 Fernando Alonso
69%
2 Logan Sargeant
67%
18 Lance Stroll
65%
31 Esteban Ocon
62%
22 Yuki Tsunoda
62%
20 Kevin Magnussen
59%
27 Nico Hulkenberg
59%
23 Alexander Albon
58%
21 Nyck de Vries
43%
24 Zhou Guanyu
41%
40 Liam Lawson
40%
Keine übereinstimmenden Quizze gefunden
Verteilung der Resultate
Anzahl Personen mit jedem Resultat
Perzentil nach korrekt beantworteten Fragen
Ihre Resultats-Entwicklung
Sie haben dieses Quiz noch nicht gespielt